[Event "Bayern-chI Bank Hofmann 16th"]
[Site "Bad Wiessee"]
[Date "2012.10.27"]
[Round "1"]
[White "Eingorn, Vereslav S"]
[Black "Hocke, Sebastian"]
[Result "1-0"]
[WhiteElo "2550"]
[BlackElo "1932"]
[PlyCount "37"]
[EventDate "2012.10.27"]
[EventType "swiss"]
[EventRounds "9"]
[EventCountry "GER"]
[SourceTitle "EXT 2013"]
[Source "ChessBase"]
[SourceDate "2012.11.22"]
[SourceVersion "1"]
[SourceVersionDate "2012.11.22"]
[SourceQuality "1"]

1. d4 d5 2. c4 e6 3. Nc3 Nf6 4. Bg5 Bb4 5. cxd5 exd5 6. e3 h6 7. Bh4 g5 8. Bg3 Ne4 9. Nge2 Nc6 10. a3 Nxg3 11. Nxg3 Bxc3+ 12. bxc3 Be6 13. Rb1 b6 14. Bb5 Qd6 15. e4 Bd7 16. exd5 Qxd5 17. 0-0 0-0-0 18. Qa4 Na5 19. Qxa5 1-0

[Event "GER-ch U18"]
[Site "Oberhof"]
[Date "2012.05.30"]
[Round "6"]
[White "Hocke, Sebastian"]
[Black "Riederer, Martin"]
[Result "0-1"]
[WhiteElo "1931"]
[BlackElo "2054"]
[PlyCount "46"]
[EventDate "2012.05.27"]
[EventType "swiss"]
[EventRounds "9"]
[EventCountry "GER"]
[SourceTitle "CBM 148 Extra"]
[Source "ChessBase"]
[SourceDate "2012.06.22"]
[SourceVersion "1"]
[SourceVersionDate "2012.06.22"]
[SourceQuality "1"]

1. e4 e6 2. d4 d5 3. Nc3 Nf6 4. e5 Nfd7 5. f4 c5 6. Nf3 Nc6 7. Be3 Be7 8. Qd2 0-0 9. Be2 a6 10. 0-0 b5 11. a3 Bb7 12. g4 f6 13. Nd1 fxe5 14. fxe5 Rxf3 15. Bxf3 cxd4 16. Bf4 Ndxe5 17. Bxe5 Nxe5 18. Qxd4 Qc7 19. Qd2 Bc5+ 20. Kg2 Nxf3 21. Rxf3 d4 22. Nf2 Qc6 23. Qe2 Rf8 0-1

[Event "GER-ch U18"]
[Site "Oberhof"]
[Date "2012.05.29"]
[Round "5"]
[White "Boes, Christoph"]
[Black "Hocke, Sebastian"]
[Result "1/2-1/2"]
[WhiteElo "1983"]
[BlackElo "1931"]
[PlyCount "75"]
[EventDate "2012.05.27"]
[EventType "swiss"]
[EventRounds "9"]
[EventCountry "GER"]
[SourceTitle "CBM 148 Extra"]
[Source "ChessBase"]
[SourceDate "2012.06.22"]
[SourceVersion "1"]
[SourceVersionDate "2012.06.22"]
[SourceQuality "1"]

1. e4 c5 2. Nc3 d6 3. Nge2 a6 4. d4 cxd4 5. Nxd4 Nf6 6. Be3 e5 7. Nb3 Be7 8. f3 Be6 9. Qd2 0-0 10. 0-0-0 a5 11. a4 Na6 12. g4 Nb4 13. Kb1 d5 14. g5 d4 15. gxf6 Bxf6 16. Bb5 dxe3 17. Qxe3 Qe7 18. Qb6 Bxb3 19. cxb3 Rac8 20. Rd7 Qc5 21. Qxc5 Rxc5 22. Rxb7 Nc6 23. Bxc6 Rxc6 24. Rd1 h5 25. Ra7 Bd8 26. Rd5 Re6 27. Nb5 g5 28. h3 Kg7 29. Rdd7 Rf6 30. Rd3 Rf4 31. Nd6 Kg6 32. Nc4 f6 33. Nxa5 Bxa5 34. Rxa5 Rh4 35. Rad5 Rxh3 36. a5 h4 37. Kc2 Rg3 38. Rd8 1/2-1/2

[Event "GER-ch U18"]
[Site "Oberhof"]
[Date "2012.05.28"]
[Round "3"]
[White "Brodmann, Anton"]
[Black "Hocke, Sebastian"]
[Result "1/2-1/2"]
[WhiteElo "1971"]
[BlackElo "1931"]
[PlyCount "40"]
[EventDate "2012.05.27"]
[EventType "swiss"]
[EventRounds "9"]
[EventCountry "GER"]
[SourceTitle "CBM 148 Extra"]
[Source "ChessBase"]
[SourceDate "2012.06.22"]
[SourceVersion "1"]
[SourceVersionDate "2012.06.22"]
[SourceQuality "1"]

1. e4 c5 2. Nc3 d6 3. g3 g6 4. Bg2 Bg7 5. d3 Nc6 6. Be3 Nd4 7. Qd2 Qa5 8. f4 Nh6 9. h3 f5 10. Nf3 0-0 11. 0-0 e6 12. Rad1 Rb8 13. Qf2 Qb4 14. Bxd4 cxd4 15. Ne2 Qxb2 16. Nexd4 Qxa2 17. Ra1 Qb2 18. Rxa7 Ng4 19. hxg4 fxg4 20. Nb3 gxf3 1/2-1/2

[Event "Arco op 33rd"]
[Site "Arco"]
[Date "2011.10.29"]
[Round "8"]
[White "Hocke, Sebastian"]
[Black "Casagrande, Fabio"]
[Result "1-0"]
[WhiteElo "1904"]
[BlackElo "1991"]
[PlyCount "111"]
[EventDate "2011.10.22"]
[EventType "swiss"]
[EventRounds "9"]
[EventCountry "ITA"]
[SourceTitle "EXT 2012"]
[Source "ChessBase"]
[SourceDate "2011.11.24"]
[SourceVersion "1"]
[SourceVersionDate "2011.11.24"]
[SourceQuality "1"]

1. e4 e6 2. d4 d5 3. Nc3 Nf6 4. e5 Nfd7 5. f4 c5 6. Nf3 Nc6 7. Be3 a6 8. Qd2 b5 9. dxc5 Bxc5 10. Bxc5 Nxc5 11. Nd4 Nxd4 12. Qxd4 Qb6 13. a3 Na4 14. Qxb6 Nxb6 15. 0-0-0 Bb7 16. Ne2 Nc4 17. Rd3 g5 18. b3 Nxa3 19. fxg5 Rc8 20. Nd4 h6 21. Rh3 h5 22. Be2 h4 23. g3 Rc3 24. Kd2 b4 25. Bd3 Ke7 26. Rf1 Nb5 27. Bxb5 axb5 28. Rf3 Rxf3 29. Nxf3 d4 30. Nxd4 Bg2 31. Rxh4 Rg8 32. Rh5 Rd8 33. Ke3 Rd5 34. g6 fxg6 35. Rh7+ Ke8 36. Nc6 Rc5 37. Nxb4 Rxe5+ 38. Kd4 Rg5 39. c4 Rg4+ 40. Kc5 bxc4 41. bxc4 Bf1 42. Rh4 Rxh4 43. gxh4 Ke7 44. Nc6+ Kf6 45. Kd4 Kf5 46. c5 Bg2 47. Ne5 Bb7 48. h3 Bc8 49. c6 Ba6 50. Nc4 Kf4 51. c7 Bc8 52. Ne5 Kf5 53. Nc6 Kf4 54. Ne7 e5+ 55. Kd5 Bxh3 56. Nxg6+ 1-0

[Event "GER-ch U16"]
[Site "Oberhof"]
[Date "2011.06.16"]
[Round "7"]
[White "Hocke, Sebastian"]
[Black "Holle, Cedric"]
[Result "1-0"]
[WhiteElo "1684"]
[BlackElo "1832"]
[PlyCount "119"]
[EventDate "2011.06.11"]
[EventType "swiss"]
[EventRounds "9"]
[EventCountry "GER"]
[SourceTitle "CBM 142 Extra"]
[Source "ChessBase"]
[SourceDate "2011.06.27"]
[SourceVersion "1"]
[SourceVersionDate "2011.06.27"]
[SourceQuality "1"]

1. e4 e6 2. d4 d5 3. Nc3 Nf6 4. Bg5 Be7 5. e5 Nfd7 6. h4 a6 7. Qg4 f5 8. Qh5+ g6 9. Qh6 Bxg5 10. hxg5 Qe7 11. Nf3 c5 12. Ne2 Nc6 13. Nf4 Nf8 14. 0-0-0 cxd4 15. Nxd4 Nxe5 16. Re1 Nf7 17. Nxd5 Qd8 18. Nf6+ Qxf6 19. Qxf8+ Kxf8 20. gxf6 Ng5 21. f4 Ne4 22. Bd3 Nc5 23. Bc4 Kf7 24. Re5 b6 25. b4 Ne4 26. Bxe6+ Bxe6 27. Nxe6 Kxf6 28. Nc7 Ra7 29. Nd5+ Kg7 30. Nxb6 Rb8 31. Nd5 Rc8 32. Rd1 Rc4 33. Kb2 Nf2 34. Rde1 Rd4 35. Kc3 Re4 36. R1xe4 Nxe4+ 37. Kd4 Kf8 38. c4 Ra8 39. c5 Rc8 40. Re7 Nf6 41. Re5 Ne4 42. Re7 Rd8 43. Re5 Rc8 44. a4 a5 45. b5 Nxc5 46. Re7 Nxa4 47. Rxh7 Rc2 48. Ra7 Nc5 49. b6 Nb3+ 50. Ke5 Nc5 51. Kf6 Ke8 52. b7 Nd7+ 53. Kg7 Nb8 54. Ra8 Kd7 55. Rxb8 Rb2 56. Ra8 Rxb7 57. Rxa5 Rb2 58. Kxg6 Rxg2+ 59. Kxf5 Rf2 60. Ra6 1-0

[Event "GER-ch U16"]
[Site "Oberhof"]
[Date "2011.06.12"]
[Round "1"]
[White "Neumair, Jerome"]
[Black "Hocke, Sebastian"]
[Result "1-0"]
[WhiteElo "2115"]
[BlackElo "1684"]
[PlyCount "83"]
[EventDate "2011.06.11"]
[EventType "swiss"]
[EventRounds "9"]
[EventCountry "GER"]
[SourceTitle "CBM 142 Extra"]
[Source "ChessBase"]
[SourceDate "2011.06.27"]
[SourceVersion "1"]
[SourceVersionDate "2011.06.27"]
[SourceQuality "1"]

1. d4 d5 2. c4 e6 3. Nc3 Nf6 4. cxd5 exd5 5. Bg5 Nbd7 6. e3 Be7 7. Bd3 c6 8. Qc2 0-0 9. Nge2 Re8 10. 0-0-0 b5 11. f3 Qb6 12. h3 a5 13. Bxf6 Nxf6 14. e4 g6 15. e5 Nh5 16. f4 a4 17. g4 Ng7 18. Kb1 Qa5 19. Nc1 b4 20. N3e2 Ba6 21. Qd2 Qb6 22. f5 Bf8 23. h4 b3 24. a3 c5 25. Bxa6 Rxa6 26. h5 gxf5 27. gxf5 Nxf5 28. Qg5+ Ng7 29. h6 cxd4 30. hxg7 Bxg7 31. Rhg1 Qg6+ 32. Qxg6 hxg6 33. Nxd4 Rxe5 34. Nd3 Re3 35. Nb4 Rd6 36. Nbc6 Rf6 37. Rg2 Rd3 38. Re1 Re3 39. Rd1 Rd3 40. Rh1 Rf4 41. Ne7+ Kf8 42. Nxg6+ 1-0